Los franciscanos en Murcia : (Record n. 13052)
[ formato base ]
| 000 -LEADER | |
|---|---|
| fixed length control field | 01479nam a2200325 i 4500 |
| 003 - CONTROL NUMBER IDENTIFIER | |
| control field | IT-RoINE |
| 005 - DATE AND TIME OF LATEST TRANSACTION | |
| control field | 20220919093700.0 |
| 008 - FIXED-LENGTH DATA ELEMENTS--GENERAL INFORMATION | |
| fixed length control field | 011113s1996 sp o r ||1|| spa d |
| 020 ## - INTERNATIONAL STANDARD BOOK NUMBER | |
| International Standard Book Number | 8486042186 |
| 040 ## - CATALOGING SOURCE | |
| Original cataloging agency | UPSA |
| Transcribing agency | esslup IT-RoINE |
| Modifying agency | IT-RoINE |
| 100 1# - MAIN ENTRY--PERSONAL NAME | |
| 9 (RLIN) | 26527 |
| Personal name | Nieto Fernández, Agustín, |
| Titles and other words associated with a name | O.F.M., |
| Dates associated with a name | 1908-1980 |
| 245 14 - TITLE STATEMENT | |
| Title | Los franciscanos en Murcia : |
| Remainder of title | San Francisco, Colegio de la Purísima y Santa Catalina del Monte : (siglos XIV-XX) / |
| Statement of responsibility, etc | Agustín Nieto Fernández ; edición Rafael Fresneda Collado, Pedro Riquelme Oliva ; prólogo Víctor Sánchez Gil. |
| 260 ## - PUBLICATION, DISTRIBUTION, ETC. (IMPRINT) | |
| Place of publication, distribution, etc | Murcia : |
| Name of publisher, distributor, etc | Espigas, |
| Date of publication, distribution, etc | 1996. |
| 300 ## - PHYSICAL DESCRIPTION | |
| Extent | XXIV, 522 p. : |
| Other physical details | fot. ; |
| Dimensions | 24 cm. |
| 336 ## - CONTENT TYPE | |
| Source | rdacontent |
| Content type term | text |
| 337 ## - MEDIA TYPE | |
| Source | rdamedia |
| Media type term | unmediated |
| 338 ## - CARRIER TYPE | |
| Source | rdacarrier |
| Carrier type term | volume |
| 490 1# - SERIES STATEMENT | |
| Series statement | Murcia en sus documentos ; |
| Volume number/sequential designation | 1 |
| 490 1# - SERIES STATEMENT | |
| Series statement | Archivo documental para la Historia del Sureste ; |
| Volume number/sequential designation | 4 |
| 490 1# - SERIES STATEMENT | |
| Series statement | Publicaciones Instituto Teológico Franciscano. |
| -- | Serie mayor ; |
| Volume number/sequential designation | 17 |
| 500 ## - GENERAL NOTE | |
| General note | Incluye índice y apéndice. |
| 610 24 - SUBJECT ADDED ENTRY--CORPORATE NAME | |
| Corporate name or jurisdiction name as entry element | Franciscanos |
| Geographic subdivision | España |
| -- | Murcia |
| General subdivision | Historia |
| -- | Fuentes |
| 9 (RLIN) | 26528 |
| 700 1# - ADDED ENTRY--PERSONAL NAME | |
| Personal name | Fresneda, Rafael |
| 9 (RLIN) | 26529 |
| 700 1# - ADDED ENTRY--PERSONAL NAME | |
| Personal name | Sánchez Gil, Víctor, |
| Titles and other words associated with a name | O.F.M., |
| Dates associated with a name | 1937-2019 |
| 9 (RLIN) | 26531 |
| 700 1# - ADDED ENTRY--PERSONAL NAME | |
| 9 (RLIN) | 26530 |
| Personal name | Riquelme Oliva, Pedro, |
| Titles and other words associated with a name | O.F.M., |
| Dates associated with a name | 1949- |
| 830 ## - SERIES ADDED ENTRY--UNIFORM TITLE | |
| Uniform title | Murcia en sus documentos ; |
| 9 (RLIN) | 26532 |
| Volume number/sequential designation | 1 |
| 830 #0 - SERIES ADDED ENTRY--UNIFORM TITLE | |
| Uniform title | Archivo documental para la historia del sureste ; |
| 9 (RLIN) | 67425 |
| Volume number/sequential designation | 4 |
| 830 #0 - SERIES ADDED ENTRY--UNIFORM TITLE | |
| 9 (RLIN) | 3538 |
| Uniform title | Publicaciones del Instituto teológico Franciscano. |
| Name of part/section of a work | Serie mayor |
| Volume number/sequential designation | 17 |
| 942 ## - ADDED ENTRY ELEMENTS (KOHA) | |
| Item type | Monografías |
| Withdrawn status | Lost status | Damaged status | Not for loan | Home library | Current library | Date acquired | Total Checkouts | Full call number | Barcode | Date last seen | Price effective from | Koha item type |
|---|---|---|---|---|---|---|---|---|---|---|---|---|
| Iglesia Nacional Española en Roma | Iglesia Nacional Española en Roma | 05/10/2016 | FUE.HIS.ECL 8 | 29384 | 05/10/2016 | 05/10/2016 | Monografías |